000 00550nam a2200193Ia 4500
008 191130s2007##################000#0#eng##
020 _a9780199151547
040 _aACL
_cACL
082 _a510 CAP
100 _aCapewell, Dave
245 _aOxford GCSE maths for Edexcel: foundation revision guide
_cDave Capewell
250 _a1st ed
260 _aOxford
_bOxford Univ Pr
_c2007
300 _a141 p. :. ll., graph, chart
650 _aMathematics
990 _ab8180160ac10000c54b9fee8c7e6ccce
991 _a112050
999 _c30401
_d30401